000 00940nam a22002297a 4500
999 _c19026
_d19026
003 AR-CdUCM
008 190516b ||||| |||| 00| 0 spa d
040 _aMUNICIPALIDAD PROVINCIAL DEL CUSCO
_cBIBLIOTECA MUNICIPAL DEL CUSCO
082 _a332.62 /
_bG27
100 _aGasperoni, Nicola
_940069
245 _aLas acciones de las sociedades mercantiles /
260 _aMadrid :
_bRevista de derecho privado,
_c1950.
300 _a258 páginas ;
_c25 cm.
440 _aMonografías fundamentales de derecho privado y público
_n27
_940070
505 _aContenido : Acciones en el cuadro de la evolución económica jurídica de las sociedades anónimas -- El acto constitutivo de las sociedades -- Condición del socio...
650 _aEvolución económico
_940071
650 _aDeberes del accionista
_940072
650 _aDerechos del accionista
_940073
650 _aTeoría jurídica
_940074
942 _2ddc
_cLIBROS
945 _arcc